Los trasplantados

Guardat en:
Dades bibliogràfiques
Autor principal: Blest Gana, Alberto (Autor)
Format: Llibre
Idioma:espanyol
Publicat: Santiago Zig Zag 1974
Edició:4a. ed
Col·lecció:Epopeyas y Leyendas
Matèries:
Etiquetes: Afegir etiqueta
Sense etiquetes, Sigues el primer a etiquetar aquest registre!

MARC

LEADER 00000nam a2200000 a 4500
001 UCQ2257
003 CL-VaPUC
008 980724e19740000CL |||||||||||||||||spa|d
082 0 4 |a Ch863  |b BLE  |2 21 
100 |a Blest Gana, Alberto  |e author  |9 344235 
245 1 4 |a Los trasplantados 
250 |a 4a. ed 
300 |a 297 p 
942 |c BK 
945 |d 19980724 00:00:00  |a lriquelm 
260 |a Santiago  |b Zig Zag  |c 1974 
650 0 |a Novelas chilenas   |9 265425 
650 0 |a Literatura chilena   |9 308278 
583 |a last modification  |c 19980724 00:00:00  |k Rodrigo Vera 
490 0 |a Epopeyas y Leyendas 
999 |c 273094  |d 273092 
952 |0 0  |1 0  |4 0  |6 CH_863_000000000000000_BLE_1974  |7 0  |8 A  |9 308393  |a BIBEDU  |b BIBEDU  |d 2019-11-20  |i 1443690  |o Ch863 BLE 1974  |p 1443690  |r 2019-11-20  |w 2019-11-20  |y BK  |k LIT 
952 |0 0  |1 0  |4 0  |6 CH_863_000000000000000_BLE_1974  |7 0  |8 A  |9 308394  |a BIBEDU  |b BIBEDU  |d 2019-11-20  |i 1443747  |o Ch863 BLE 1974  |p 1443747  |r 2019-11-20  |w 2019-11-20  |y BK  |k LIT